| 000 | 00699nam a2200229Ia 4500 | ||
|---|---|---|---|
| 003 | GCL | ||
| 008 | 140319s9999 xx 000 0 ara d | ||
| 040 |
_aGCL / _cGCL |
||
| 082 | 0 | 4 |
_a669.028 _bم ت |
| 100 | 1 | _aمحمد نصرالدين دمير | |
| 245 | 1 | 0 |
_aتكنولوجيا هندسة الانتاج / _cمحمد نصرالدين دمير |
| 260 |
_a[S.N] : _bدار الراتب الجامعية |
||
| 300 | _a488 ص | ||
| 490 | _a | ||
| 650 | 0 | 4 | _aتخطيط انتاج |
| 650 | 0 | 4 | _aالهندسة الصناعية |
| 650 | 0 | 4 | _aهندسة التعدين |
| 650 | 0 | 4 | _aهندسة الانتاج |
| 650 | 0 | 4 | _aتكنولوجيا |
| 650 | 0 | 4 | _aالصناعات |
| 942 |
_2ddc _cBK |
||
| 999 |
_c52368 _d52368 |
||